{"text_format":"3","workbook":"xlsx","n_sheets":2,"sheets":["Intro","FAE"],"not_rendered":{"images":1,"defined_names":2},"read":"whole","date_system":"1900"}

{"sheet":"Intro","index":0,"n_rows":68,"n_cols":11,"rows_kept":68,"merged":[[2,3,2,7],[3,3,3,7],[5,2,8,8],[10,4,10,7],[12,2,12,9],[14,2,14,4],[15,2,16,8],[17,2,18,8],[20,4,20,7],[21,2,22,8],[24,2,25,8],[26,2,27,8],[28,2,29,8],[30,2,31,8],[33,2,34,8],[36,2,38,8],[40,1,41,1],[40,2,42,8],[43,4,43,7],[44,2,45,8],[46,2,47,8],[49,2,51,8],[53,0,53,1],[53,2,54,8],[56,2,63,8],[65,0,65,1],[65,2,67,8]]}
[]
[]
[{"$nulls":3},"Financial Assurance Estimate Form Introduction Sheet"]
[{"$nulls":3},"Current FAE Version 10/17/2023"]
[]
[null,"Notice:","The permit holder shall provide surety collateral for public and common development improvements prior to receiving a Construction Permit and subsequent County acceptance of the improvements. Construction surety collateral will be released in acccordance with the provisions of ECM Section 5.3.16.E or as otherwise allowed by an approved Development Agreement or Subdivision Improvements Agreement."]
[]
[]
[]
[]
[{"$nulls":4},"Helpful Information"]
[]
[null,"Abbreviations:","AC = Acres     CY = Cubic Yards     EA = Each     LF = Linear Feet     LS = Lump Sum     SF = Square Feet     SY = Square Yards"]
[]
[null,"Important","• All blue cells represent input locations:"]
[null,null,"• Before submitting the Financial Assurance Estimate Form ensure all item quantities shown on the GEC Plan, Construction Drawings, and Final Drainage Report are listed and match the FAE."]
[]
[null,null,"• The Financial Assurance Estimate Form is updated annually by the County. The current year's FAE version is required for all projects under review. "]
[]
[]
[{"$nulls":4},"Section Explanations"]
[null,"Project Information:","• Above \"Project Name\", \"Date\", and \"PCD File No.\" type in the information in the respective blue cells. The file number can be found in EDARP and includes the project type and number (e.g. MS###, SF###, CDR### etc.)"]
[]
[]
[null,"Section 1:","• This section shall include all temporary and permanent stormwater control measures (CMs) / best management practices (BMPs). "]
[]
[null,null,"• The Earthwork subsection shall list the combined Cut and Fill quantities. For example, a project that has a Cut of 8,500 CY and Fill of 5,500 CY of soil should list 14,000 CY as the quantity."]
[]
[null,null,"• Early Grading Projects Only:  Use the highest Cut or Fill quantity, do not combine all earthwork totals. In the previous example, the quantity listed would be 8,500 CY."]
[]
[null,null,"• In Line 20, input the number of permanent water quality facilities and the exact cost of each or the total cost provided by design engineer in the Final Drainage Report."]
[]
[]
[null,"Section 2:","• This section shall include all public improvements including but not limited to stormwater infrastructure, road construction, pedestrian improvements, and traffic signage and striping."]
[]
[]
[null,"Section 3:","• This section shall include all non-El Paso County maintained common development improvements being constructed. This includes private roads, sewers, waterlines, stormwater infrastructure, and landscaping. Private improvements that service a single lot are not required to be included."]
[]
[]
[]
[null,"As-Builts & Pond Certifications:","• Provide total costs for As-Built construction drawings and Pond Certifications produced by the project engineer, no less than $1,500 each as applicable."]
[]
[]
[{"$nulls":4},"Surety Collateral Procedures"]
[null,"Process:","• For a complete explanation of surety collateral collected by El Paso County for public and private development improvements refer to the El Paso County Engineering Criteria Manual Chapter 1.17 and Chapter 5.3."]
[]
[null,null,"• Standard (minimum) unit costs are subject to change with annual updates. These costs are estimated based on the anticipated costs to the County to complete improvements and stabilize the site."]
[]
[]
[null,"Subdivision:","• For subdivision projects with delayed plat recording, only the amount from Section 1 is required at the pre-construction meeting. The total or remaining FAE amount is required at the time of plat recordation depending on the completion of improvements. "]
[]
[]
[]
["Site Development Plan:",null,"• Surety collateral is due at the required pre-construction meeting with El Paso County staff prior to receiving an approved Construction Permit and Notice to Proceed. "]
[]
[]
[null,"Acceptance and Release:","• Upon completion of the work, it is the developer's responsibility to notify El Paso County Department of Public Works Development Services Inspections to schedule a Preliminary Acceptance inspection. After completing the Preliminary Acceptance inspection, up to 80% of the original surety collateral will be released to the developer. \n• The warranty period shall be two years from Preliminary Acceptance. At the time of expiration of the two-year warranty period the developer shall notify County staff to schedule a Final Acceptance inspection. Upon completion and approval of Final Acceptance the remaining 20% surety collateral will be released to the developer.  Preliminary Acceptance inspections and Final Acceptance inspections shall be scheduled in advance to reduce delays in surety release due to required punchlist repairs. "]
{"$rows_empty":8}
["Percent Complete Column:",null,"• The percent complete column is used to determine the amount of remaining surety collateral being held as work is completed."]
[]
[{"$nulls":10},"."]

{"sheet":"FAE","index":1,"n_rows":225,"n_cols":11,"rows_kept":225,"merged":[[2,1,2,9],[4,1,4,2],[4,5,4,6],[4,8,4,9],[7,8,7,9],[9,1,9,9],[43,1,43,2],[43,3,43,5],[44,1,44,9],[146,1,146,2],[146,3,146,5],[147,1,147,9],[192,1,192,2],[192,3,192,5],[207,1,208,3],[207,4,208,4],[209,1,210,9],[215,1,215,3],[215,5,215,9],[219,1,219,3],[219,5,219,9],[223,1,223,3],[223,5,223,9]]}
[null,"2025 Financial Assurance Estimate Form",{"$nulls":4}," ",{"$nulls":3}," "]
[null,"(with pre-plat construction)",{"$nulls":7},"Updated: 2/2025"]
[null,"PROJECT INFORMATION"]
[]
[null,"Project Name: Monument Ridge East Filing No. 1",{"$nulls":3},"Date: 12/31/25",null,null,"PCD File No. SF2514"]
[]
[]
[{"$nulls":5},"Unit",null,null,"(with Pre-Plat Construction)"]
[null,"Description",null,"Quantity","Units","Cost",null,"Total","% Complete","Remaining"]
[null,"SECTION 1 - GRADING AND EROSION CONTROL (Construction and Permanent BMPs)"]
[null,"Earthwork",{"$nulls":8},"*"]
[{"$nulls":10},"*"]
[null,"less than 1,000; $5,300 min",null,null,"CY",{"v":10,"d":"$10.00"},"=",{"$f":"IF($D13=\"\",0,IF(D13*F13<5300,5300,D13*F13))","v":0},null,{"$f":"H13*(1-I13)","v":0},"*"]
[null,"1,000-5,000; $8,000 min",null,null,"CY",{"v":7.5,"d":"$7.50"},"=",{"$f":"IF($D14=\"\",0,IF(D14*F14<8000,8000,D14*F14))","v":0},null,0,"*"]
[null,"5,001-20,000; $30,000 min",null,null,"CY",{"v":6.5,"d":"$6.50"},"=",{"$f":"IF($D15=\"\",0,IF(D15*F15<30000,30000,D15*F15))","v":0},null,0,"*"]
[null,"20,001-50,000; $100,000 min",null,null,"CY",{"v":4.5,"d":"$4.50"},"=",{"$f":"IF($D16=\"\",0,IF(D16*F16<100000,100000,D16*F16))","v":0},null,0,"*"]
[null,"50,001-200,000; $175,000 min",null,null,"CY",{"v":3,"d":"$3.00"},"=",{"$f":"IF($D17=\"\",0,IF(D17*F17<175000,175000,D17*F17))","v":0},null,0,"*"]
[null,"greater than 200,000; $500,000 min",null,{"v":208150,"d":"208150."},"CY",{"v":2.5,"d":"$2.50"},"=",{"$f":"IF($D18=\"\",0,IF(D18*F18<500000,500000,D18*F18))","v":{"v":520375,"d":"$520,375.00"}},null,{"v":520375,"d":"$520,375.00"},"*"]
[null,"Permanent Erosion Control Blanket",null,null,"SY",{"v":9.5,"d":"$9.50"},"=",{"$f":"ROUND(D19*F19,3)","v":0},null,0,"*"]
[null,"Permanent Seeding (inc. noxious weed mgmnt.) & Mulching",null,null,"AC",{"v":2169,"d":"$2,169.00"},"=",{"$f":"ROUND(D20*F20,3)","v":0},null,0,"*"]
[null,"Permanent Pond/BMP (engineer's estimate attached)",null,{"v":1,"d":"1."},"EA",{"$f":"412757.4+107648.4+188417.4+91653.6","v":{"v":800476.8,"d":"$800,476.80"}},"=",{"v":800476.8,"d":"$800,476.80"},null,{"v":800476.8,"d":"$800,476.80"},"*"]
[{"$nulls":7},{"$f":"D22*F22","v":0},null,{"$f":"H22*(1-I22)","v":0},"*"]
[{"$nulls":7},{"$f":"D23*F23","v":0},null,{"$f":"H23*(1-I23)","v":0},"*"]
[null,"[insert items not listed but part of construction plans]",{"$nulls":5},{"$f":"D24*F24","v":0},null,{"$f":"H24*(1-I24)","v":0},"*"]
[null,"Concrete Washout Basin",null,{"v":2,"d":"2."},"EA",{"v":1260,"d":"$1,260.00"},"=",{"v":2520,"d":"$2,520.00"},null,{"v":2520,"d":"$2,520.00"}]
[null,"Inlet Protection",null,{"v":11,"d":"11."},"EA",{"v":233,"d":"$233.00"},"=",{"v":2563,"d":"$2,563.00"},null,{"$f":"H26*(1-I26)","v":{"v":2563,"d":"$2,563.00"}}]
[null,"Rock Check Dam",null,null,"EA",{"v":700,"d":"$700.00"},"=",0,null,0]
[null,"Safety Fence",null,null,"LF",{"v":3,"d":"$3.00"},"=",0,null,0]
[null,"Sediment Basin",null,null,"EA",{"v":2466,"d":"$2,466.00"},"=",0,null,0]
[null,"Sediment Trap",null,null,"EA",{"v":578,"d":"$578.00"},"=",0,null,0]
[null,"Silt Fence",null,{"v":4267,"d":"4267."},"LF",{"v":4,"d":"$4.00"},"=",{"v":17068,"d":"$17,068.00"},null,{"v":17068,"d":"$17,068.00"}]
[null,"Slope Drain",null,null,"LF",{"v":46,"d":"$46.00"},"=",0,null,0]
[null,"Straw Bale",null,null,"EA",{"v":35,"d":"$35.00"},"=",0,null,0]
[null,"Straw Wattle/Rock Sock",null,{"v":306,"d":"306."},"LF",{"v":9,"d":"$9.00"},"=",{"v":2754,"d":"$2,754.00"},null,{"v":2754,"d":"$2,754.00"}]
[null,"Surface Roughening",null,null,"AC",{"v":289,"d":"$289.00"},"=",0,null,0]
[null,"Temporary Erosion Control Blanket",null,{"v":23480,"d":"23480."},"SY",{"v":4,"d":"$4.00"},"=",{"v":93920,"d":"$93,920.00"},null,{"v":93920,"d":"$93,920.00"}]
[null,"Temporary Seeding and Mulching",null,{"v":13,"d":"13."},"AC",{"v":1927,"d":"$1,927.00"},"=",{"v":25051,"d":"$25,051.00"},null,{"v":25051,"d":"$25,051.00"}]
[null,"Vehicle Tracking Control",null,{"v":3,"d":"3."},"EA",{"v":3316,"d":"$3,316.00"},"=",{"v":9948,"d":"$9,948.00"},null,{"v":9948,"d":"$9,948.00"}]
[{"$nulls":6},"=",0,null,{"$f":"H39*(1-I39)","v":0}]
[{"$nulls":6},"=",0,null,{"$f":"H40*(1-I40)","v":0}]
[{"$nulls":6},"=",0,null,0]
[null,"[insert items not listed but part of construction plans]",{"$nulls":4},"=",0,null,0]
[{"$nulls":5},"MAINTENANCE (35% of Construction BMPs)","=",{"$f":"ROUND(0.35*SUM(H26:H42),2)","v":{"v":52956.4,"d":"$52,956.40"}},null,{"$f":"H43","v":{"v":52956.4,"d":"$52,956.40"}}]
[null,"* - Subject to defect warranty financial assurance.  A minimum of 20% shall be retained until final acceptance (MAXIMUM OF 80% COMPLETE ALLOWED)",null,"Section 1 Subtotal",null,null,"=",{"$f":"ROUND(SUM(H13:H43),2)","v":{"v":1527632.2,"d":"$1,527,632.20"}},null,{"$f":"SUM(J13:J43)","v":{"v":1527632.2,"d":"$1,527,632.20"}}]
[null,"SECTION 2 - PUBLIC IMPROVEMENTS *"]
[null,"ROADWAY IMPROVEMENTS",{"$nulls":8},"*"]
[{"$nulls":10},"*"]
[null,"Construction Traffic Control",null,{"v":1,"d":"1."},"LS",{"v":15000,"d":"$15,000.00"},"=",{"$f":"ROUND(D48*F48,3)","v":{"v":15000,"d":"$15,000.00"}},null,{"$f":"H48*(1-I48)","v":{"v":15000,"d":"$15,000.00"}},"*"]
[null,"Aggregate Base Course         (135 lbs/cf)",null,{"v":750,"d":"750."},"Tons",{"v":40,"d":"$40.00"},"=",{"v":30000,"d":"$30,000.00"},null,{"$f":"H49*(1-I49)","v":{"v":30000,"d":"$30,000.00"}},"*"]
[null,"Aggregate Base Course         (135 lbs/cf)",null,null,"CY",{"v":71,"d":"$71.00"},"=",0,null,{"$f":"H50*(1-I50)","v":0},"*"]
[null,"Asphalt Pavement (3\" thick)",null,null,"SY",{"v":19,"d":"$19.00"},"=",0,null,{"$f":"H51*(1-I51)","v":0},"*"]
[null,"Asphalt Pavement (4\" thick)",null,null,"SY",{"v":27,"d":"$27.00"},"=",0,null,0,"*"]
[null,"Asphalt Pavement (6\" thick)",null,{"v":27180,"d":"27180."},"SY",{"v":41,"d":"$41.00"},"=",{"v":1114380,"d":"$1,114,380.00"},null,{"v":1114380,"d":"$1,114,380.00"},"*"]
[null,"Asphalt Pavement                   (147 lbs/cf)","   \" thick",null,"Tons",{"v":123,"d":"$123.00"},"=",0,null,0,"*"]
[null,"Raised Median, Paved",null,null,"SF",{"v":12,"d":"$12.00"},"=",0,null,0,"*"]
[null,"Regulatory Sign/Advisory Sign",null,{"v":24,"d":"24."},"EA",{"v":421,"d":"$421.00"},"=",{"v":10104,"d":"$10,104.00"},null,{"v":10104,"d":"$10,104.00"},"*"]
[null,"Guide/Street Name Sign",null,null,"EA",null,"=",0,null,0,"*"]
[null,"Epoxy Pavement Marking",null,{"v":6880,"d":"6880."},"SF",{"v":18,"d":"$18.00"},"=",{"v":123840,"d":"$123,840.00"},null,{"v":123840,"d":"$123,840.00"},"*"]
[null,"Thermoplastic Pavement Marking",null,{"v":266,"d":"266."},"SF",{"v":32,"d":"$32.00"},"=",{"v":8512,"d":"$8,512.00"},null,{"v":8512,"d":"$8,512.00"},"*"]
[null,"Barricade - Type 3",null,{"v":4,"d":"4."},"EA",{"v":278,"d":"$278.00"},"=",{"v":1112,"d":"$1,112.00"},null,{"v":1112,"d":"$1,112.00"},"*"]
[null,"Delineator - Type I",null,null,"EA",{"v":33,"d":"$33.00"},"=",0,null,0,"*"]
[null,"Curb and Gutter, Type A      (6\" Vertical)",null,{"v":8700,"d":"8700."},"LF",{"v":41,"d":"$41.00"},"=",{"v":356700,"d":"$356,700.00"},null,{"v":356700,"d":"$356,700.00"},"*"]
[null,"Curb and Gutter, Type B      (Median)",null,{"v":80,"d":"80."},"LF",{"v":41,"d":"$41.00"},"=",{"v":3280,"d":"$3,280.00"},null,{"v":3280,"d":"$3,280.00"},"*"]
[null,"Curb and Gutter, Type C      (Ramp)",null,{"v":2570,"d":"2570."},"LF",{"v":41,"d":"$41.00"},"=",{"v":105370,"d":"$105,370.00"},null,{"v":105370,"d":"$105,370.00"},"*"]
[null,"4\" Sidewalk (common areas only)",null,null,"SY",{"v":67,"d":"$67.00"},"=",0,null,0,"*"]
[null,"5\" Sidewalk",null,null,"SY",{"v":83,"d":"$83.00"},"=",0,null,0,"*"]
[null,"6\" Sidewalk",null,{"v":4440,"d":"4440."},"SY",{"v":101,"d":"$101.00"},"=",{"v":448440,"d":"$448,440.00"},null,{"v":448440,"d":"$448,440.00"},"*"]
[null,"8\" Sidewalk",null,null,"SY",{"v":134,"d":"$134.00"},"=",0,null,0,"*"]
[null,"Pedestrian Ramp",null,{"v":22,"d":"22."},"EA",{"v":1608,"d":"$1,608.00"},"=",{"v":35376,"d":"$35,376.00"},null,{"v":35376,"d":"$35,376.00"},"*"]
[null,"Cross Pan, local (8\" thick, 6' wide to include return)",null,{"v":120,"d":"120."},"LF",{"v":85,"d":"$85.00"},"=",{"v":10200,"d":"$10,200.00"},null,{"v":10200,"d":"$10,200.00"},"*"]
[null,"Cross Pan, collector (9\" thick, 8' wide to include return)",null,{"v":1080,"d":"1080."},"LF",{"v":128,"d":"$128.00"},"=",{"v":138240,"d":"$138,240.00"},null,{"v":138240,"d":"$138,240.00"},"*"]
[null,"Curb Opening with Drainage Chase",null,null,"EA",{"v":2070,"d":"$2,070.00"},"=",0,null,0,"*"]
[null,"Guardrail Type 3 (W-Beam)",null,null,"LF",{"v":70,"d":"$70.00"},"=",0,null,0,"*"]
[null,"Guardrail Type 7 (Concrete)",null,null,"LF",{"v":101,"d":"$101.00"},"=",0,null,0,"*"]
[null,"Guardrail End Anchorage",null,null,"EA",{"v":2936,"d":"$2,936.00"},"=",0,null,0,"*"]
[null,"Guardrail Impact Attenuator",null,null,"EA",{"v":5270,"d":"$5,270.00"},"=",0,null,0,"*"]
[null,"Sound Barrier Fence (CMU block, 6' high)",null,null,"LF",{"v":110,"d":"$110.00"},"=",0,null,0,"*"]
[null,"Sound Barrier Fence (panels, 6' high)",null,null,"LF",{"v":112,"d":"$112.00"},"=",0,null,0,"*"]
[null,"Electrical Conduit,                         Size =",null,null,"LF",{"v":24,"d":"$24.00"},"=",0,null,0,"*"]
[null,"Traffic Signal, (provide engineer's estimate)",null,null,"EA",null,"=",{"$f":"ROUND(D80*F80,3)","v":0},null,{"$f":"H80*(1-I80)","v":0},"*"]
[null,"Survey Monumentation",null,{"v":10,"d":"10."},"EA",{"v":1200,"d":"$1,200.00"},"=",{"v":12000,"d":"$12,000.00"},null,{"v":12000,"d":"$12,000.00"},"*"]
[null,"Cattle Guard",null,{"v":1,"d":"1."},"EA",{"v":5000,"d":"$5,000.00"},"=",{"$f":"ROUND(D82*F82,3)","v":{"v":5000,"d":"$5,000.00"}},null,{"$f":"H82*(1-I82)","v":{"v":5000,"d":"$5,000.00"}},"*"]
[{"$nulls":6},"=",{"$f":"ROUND(D83*F83,3)","v":0},null,{"$f":"H83*(1-I83)","v":0},"*"]
[{"$nulls":6},"=",0,null,0,"*"]
[null,"[insert items not listed but part of construction plans]",{"$nulls":4},"=",0,null,0,"*"]
[null,"STORM DRAIN IMPROVEMENTS",{"$nulls":8},"*"]
[{"$nulls":10},"*"]
[null,"Concrete Box Culvert (M Standard), Size (  W  x   H   )",null,null,"LF",null,"=",{"$f":"ROUND(D88*F88,3)","v":0},null,{"$f":"H88*(1-I88)","v":0},"*"]
[null,"18\" Reinforced Concrete Pipe",null,{"v":439,"d":"439."},"LF",{"v":88,"d":"$88.00"},"=",{"v":38632,"d":"$38,632.00"},null,{"$f":"H89*(1-I89)","v":{"v":38632,"d":"$38,632.00"}},"*"]
[null,"24\" Reinforced Concrete Pipe",null,{"v":1050,"d":"1050."},"LF",{"v":105,"d":"$105.00"},"=",{"v":110250,"d":"$110,250.00"},null,{"v":110250,"d":"$110,250.00"},"*"]
[null,"30\" Reinforced Concrete Pipe",null,{"v":1194,"d":"1194."},"LF",{"v":132,"d":"$132.00"},"=",{"v":157608,"d":"$157,608.00"},null,{"v":157608,"d":"$157,608.00"},"*"]
[null,"36\" Reinforced Concrete Pipe",null,{"v":964,"d":"964."},"LF",{"v":162,"d":"$162.00"},"=",{"v":156168,"d":"$156,168.00"},null,{"v":156168,"d":"$156,168.00"},"*"]
[null,"42\" Reinforced Concrete Pipe",null,{"v":477,"d":"477."},"LF",{"v":216,"d":"$216.00"},"=",{"v":103032,"d":"$103,032.00"},null,{"v":103032,"d":"$103,032.00"},"*"]
[null,"48\" Reinforced Concrete Pipe",null,{"v":75,"d":"75."},"LF",{"v":263,"d":"$263.00"},"=",{"v":19725,"d":"$19,725.00"},null,{"v":19725,"d":"$19,725.00"},"*"]
[null,"54\" Reinforced Concrete Pipe",null,{"v":1159,"d":"1159."},"LF",{"v":344,"d":"$344.00"},"=",{"v":398696,"d":"$398,696.00"},null,{"v":398696,"d":"$398,696.00"},"*"]
[null,"60\" Reinforced Concrete Pipe",null,null,"LF",{"v":402,"d":"$402.00"},"=",0,null,0,"*"]
[null,"66\" Reinforced Concrete Pipe",null,null,"LF",{"v":465,"d":"$465.00"},"=",0,null,0,"*"]
[null,"78\" Reinforced Concrete Pipe",null,{"v":573,"d":"573."},"LF",{"v":603,"d":"$603.00"},"=",{"v":345519,"d":"$345,519.00"},null,{"v":345519,"d":"$345,519.00"},"*"]
[null,"18\" Corrugated Steel Pipe",null,null,"LF",{"v":113,"d":"$113.00"},"=",0,null,0,"*"]
[null,"24\" Corrugated Steel Pipe",null,null,"LF",{"v":130,"d":"$130.00"},"=",0,null,0,"*"]
[null,"30\" Corrugated Steel Pipe",null,null,"LF",{"v":166,"d":"$166.00"},"=",0,null,0,"*"]
[null,"36\" Corrugated Steel Pipe",null,null,"LF",{"v":198,"d":"$198.00"},"=",0,null,0,"*"]
[null,"42\" Corrugated Steel Pipe",null,null,"LF",{"v":228,"d":"$228.00"},"=",0,null,0,"*"]
[null,"48\" Corrugated Steel Pipe",null,null,"LF",{"v":240,"d":"$240.00"},"=",0,null,0,"*"]
[null,"54\" Corrugated Steel Pipe",null,null,"LF",{"v":352,"d":"$352.00"},"=",0,null,0,"*"]
[null,"60\" Corrugated Steel Pipe",null,null,"LF",{"v":379,"d":"$379.00"},"=",0,null,0,"*"]
[null,"66\" Corrugated Steel Pipe",null,null,"LF",{"v":459,"d":"$459.00"},"=",0,null,0,"*"]
[null,"72\" Corrugated Steel Pipe",null,null,"LF",{"v":540,"d":"$540.00"},"=",0,null,0,"*"]
[null,"78\" Corrugated Steel Pipe",null,null,"LF",{"v":621,"d":"$621.00"},"=",0,null,0,"*"]
[null,"84\" Corrugated Steel Pipe",null,null,"LF",{"v":743,"d":"$743.00"},"=",0,null,0,"*"]
[null,"Flared End Section (FES) RCP    Size =\n(unit cost = 6x pipe unit cost)","18\"",{"v":2,"d":"2."},"EA",{"v":528,"d":"$528.00"},"=",{"v":1056,"d":"$1,056.00"},null,{"v":1056,"d":"$1,056.00"},"*"]
[null,"Flared End Section (FES) RCP    Size =\n(unit cost = 6x pipe unit cost)","30\"",{"v":3,"d":"3."},"EA",{"v":792,"d":"$792.00"},"=",{"$f":"ROUND(D112*F112,3)","v":{"v":2376,"d":"$2,376.00"}},null,{"$f":"H112*(1-I112)","v":{"v":2376,"d":"$2,376.00"}},"*"]
[null,"Flared End Section (FES) RCP    Size =\n(unit cost = 6x pipe unit cost)","36\"",{"v":3,"d":"3."},"EA",{"v":972,"d":"$972.00"},"=",{"v":2916,"d":"$2,916.00"},null,{"v":2916,"d":"$2,916.00"},"*"]
[null,"Flared End Section (FES) RCP    Size =\n(unit cost = 6x pipe unit cost)","48\"",{"v":1,"d":"1."},"EA",{"v":1578,"d":"$1,578.00"},"=",{"v":1578,"d":"$1,578.00"},null,{"v":1578,"d":"$1,578.00"},"*"]
[null,"Flared End Section (FES) RCP    Size =\n(unit cost = 6x pipe unit cost)","78\"",{"v":1,"d":"1."},"EA",{"v":3618,"d":"$3,618.00"},"=",{"$f":"ROUND(D115*F115,3)","v":{"v":3618,"d":"$3,618.00"}},null,{"$f":"H115*(1-I115)","v":{"v":3618,"d":"$3,618.00"}},"*"]
[null,"[insert items not listed but part of construction plans]",{"$nulls":4},"=",{"$f":"ROUND(D116*F116,3)","v":0},null,{"$f":"H116*(1-I116)","v":0},"*"]
[null,"End Treatment- Headwall",null,null,"EA",null,"=",0,null,0,"*"]
[null,"End Treatment- Wingwall",null,null,"EA",null,"=",0,null,0,"*"]
[null,"End Treatment - Cutoff Wall",null,null,"EA",null,"=",0,null,0,"*"]
[null,"Curb Inlet (Type R) L=5',                Depth < 5'",null,{"v":2,"d":"2."},"EA",{"v":7753,"d":"$7,753.00"},"=",{"v":15506,"d":"$15,506.00"},null,{"v":15506,"d":"$15,506.00"},"*"]
[null,"Curb Inlet (Type R) L=5',          5' ≤ Depth < 10'",null,null,"EA",{"v":10800,"d":"$10,800.00"},"=",0,null,0,"*"]
[null,"Curb Inlet (Type R) L =5',       10' ≤ Depth < 15'",null,null,"EA",{"v":11673,"d":"$11,673.00"},"=",0,null,0,"*"]
[null,"Curb Inlet (D-10-R) L =8',             Depth < 5'",null,{"v":2,"d":"2."},"EA",{"v":10669,"d":"$10,669.00"},"=",{"v":21338,"d":"$21,338.00"},null,{"v":21338,"d":"$21,338.00"},"*"]
[null,"Curb Inlet (Type R) L =10',       5' ≤ Depth < 10'",null,null,"EA",{"v":10997,"d":"$10,997.00"},"=",0,null,0,"*"]
[null,"Curb Inlet (Type R) L =10',     10' ≤ Depth < 15'",null,null,"EA",{"v":13765,"d":"$13,765.00"},"=",0,null,0,"*"]
[null,"Curb Inlet (D-10-R) L =12',             Depth < 5'",null,{"v":6,"d":"6."},"EA",{"v":13875,"d":"$13,875.00"},"=",{"v":83250,"d":"$83,250.00"},null,{"v":83250,"d":"$83,250.00"},"*"]
[null,"Curb Inlet (Type R) L =15',       5' ≤ Depth < 10'",null,null,"EA",{"v":14873,"d":"$14,873.00"},"=",0,null,0,"*"]
[null,"Curb Inlet (Type R) L =15',     10' ≤ Depth < 15'",null,null,"EA",{"v":16265,"d":"$16,265.00"},"=",0,null,0,"*"]
[null,"Curb Inlet (Type R) L =20',             Depth < 5'",null,null,"EA",{"v":14787,"d":"$14,787.00"},"=",0,null,0,"*"]
[null,"Curb Inlet (Type R) L =20',       5' ≤ Depth < 10'",null,null,"EA",{"v":16320,"d":"$16,320.00"},"=",0,null,0,"*"]
[null,"Grated Inlet (Type C),                    Depth < 5'",null,null,"EA",{"v":6490,"d":"$6,490.00"},"=",0,null,0,"*"]
[null,"Grated Inlet (Type D),                    Depth < 5'",null,{"v":1,"d":"1."},"EA",{"v":8017,"d":"$8,017.00"},"=",{"v":8017,"d":"$8,017.00"},null,{"v":8017,"d":"$8,017.00"},"*"]
[null,"Storm Sewer Manhole, Box Base",null,null,"EA",{"v":16265,"d":"$16,265.00"},"=",0,null,0,"*"]
[null,"Storm Sewer Manhole, Slab Base",null,null,"EA",{"v":8946,"d":"$8,946.00"},"=",0,null,0,"*"]
[null,"Geotextile (Erosion Control)",null,null,"SY",{"v":11.5,"d":"$11.50"},"=",0,null,0,"*"]
[null,"Rip Rap, d50 size from 6\" to 24\"",null,{"v":55,"d":"55."},"Tons",{"v":112,"d":"$112.00"},"=",{"v":6160,"d":"$6,160.00"},null,{"v":6160,"d":"$6,160.00"},"*"]
[null,"Rip Rap, Grouted",null,null,"Tons",{"v":133,"d":"$133.00"},"=",0,null,0,"*"]
[null,"Drainage Channel Construction, Size (  W  x   H   )",null,null,"LF",null,"=",0,null,0,"*"]
[null,"Drainage Channel Lining, Concrete",null,null,"CY",{"v":797,"d":"$797.00"},"=",0,null,0,"*"]
[null,"Drainage Channel Lining, Rip Rap",null,null,"CY",{"v":156,"d":"$156.00"},"=",0,null,0,"*"]
[null,"Drainage Channel Lining, Grass ",null,null,"AC",{"v":2054,"d":"$2,054.00"},"=",0,null,0,"*"]
[null,"Drainage Channel Lining, Other Stabilization",{"$nulls":4},"=",0,null,0,"*"]
[null,"Curb Inlet (D-10-R) L =10'",null,{"v":1,"d":"1."},"EA",{"v":15000,"d":"$15,000.00"},"=",{"$f":"ROUND(D143*F143,3)","v":{"v":15000,"d":"$15,000.00"}},null,{"$f":"H143*(1-I143)","v":{"v":15000,"d":"$15,000.00"}},"*"]
[null,"Curb Inlet (D-10-R) L =16'",null,{"v":3,"d":"3."},"EA",{"v":17500,"d":"$17,500.00"},"=",{"$f":"ROUND(D144*F144,3)","v":{"v":52500,"d":"$52,500.00"}},null,{"$f":"H144*(1-I144)","v":{"v":52500,"d":"$52,500.00"}},"*"]
[null,"Type 16 (Denver)",null,{"v":1,"d":"1."},"EA",{"v":8000,"d":"$8,000.00"},"=",{"$f":"ROUND(D145*F145,3)","v":{"v":8000,"d":"$8,000.00"}},null,{"$f":"H145*(1-I145)","v":{"v":8000,"d":"$8,000.00"}},"*"]
[null,"[insert items not listed but part of construction plans]",{"$nulls":4},"=",0,null,0,"*"]
[null,"* - Subject to defect warranty financial assurance.  A minimum of 20% shall be retained until final acceptance (MAXIMUM OF 80% COMPLETE ALLOWED)",null,"Section 2 Subtotal",null,null,"=",{"$f":"ROUND(SUM(H48:H146),1)","v":{"v":3968499,"d":"$3,968,499.00"}},null,{"$f":"SUM(J48:J146)","v":{"v":3968499,"d":"$3,968,499.00"}},"*"]
[null,"SECTION 3 - COMMON DEVELOPMENT IMPROVEMENTS (Private or District and NOT Maintained by EPC)**     "]
[null,"ROADWAY IMPROVEMENTS "]
[]
[{"$nulls":6},"=",{"$f":"ROUND(D151*F151,3)","v":0},null,{"$f":"H151*(1-I151)","v":0}]
[{"$nulls":6},"=",{"$f":"ROUND(D152*F152,3)","v":0},null,{"$f":"H152*(1-I152)","v":0}]
[{"$nulls":6},"=",0,null,0]
[{"$nulls":6},"=",0,null,0]
[{"$nulls":6},"=",0,null,0]
[{"$nulls":6},"=",0,null,0]
[null,"STORM DRAIN IMPROVEMENTS",null,null,"(Exception: Permanent Pond/BMP shall be itemized under Section 1)"]
[{"$nulls":6},"=",{"$f":"ROUND(D158*F158,3)","v":0},null,0]
[{"$nulls":6},"=",{"$f":"ROUND(D159*F159,3)","v":0},null,0]
[{"$nulls":6},"=",0,null,0]
[{"$nulls":6},"=",0,null,0]
[{"$nulls":6},"=",0,null,0]
[{"$nulls":6},"=",0,null,0]
[null,"WATER SYSTEM IMPROVEMENTS"]
[null,"Water Main Pipe (PVC), Size 8\"",null,{"v":3515,"d":"3515."},"LF",{"v":90,"d":"$90.00"},"=",{"$f":"ROUND(D165*F165,3)","v":{"v":316350,"d":"$316,350.00"}},null,{"v":316350,"d":"$316,350.00"}]
[null,"Water Main Pipe (Ductile Iron), Size 8\"",null,null,"LF",{"v":105,"d":"$105.00"},"=",{"$f":"ROUND(D166*F166,3)","v":0},null,0]
[null,"Gate Valves, 8\"",null,{"v":24,"d":"24."},"EA",{"v":2599,"d":"$2,599.00"},"=",{"v":62376,"d":"$62,376.00"},null,{"v":62376,"d":"$62,376.00"}]
[null,"Fire Hydrant Assembly, w/ all valves",null,{"v":5,"d":"5."},"EA",{"v":9228,"d":"$9,228.00"},"=",{"v":46140,"d":"$46,140.00"},null,{"v":46140,"d":"$46,140.00"}]
[null,"Water Service Line Installation, inc. tap and valves",null,{"v":36,"d":"36."},"EA",{"v":1852,"d":"$1,852.00"},"=",{"v":66672,"d":"$66,672.00"},null,{"v":66672,"d":"$66,672.00"}]
[null,"Fire Cistern Installation, complete",null,null,"EA",null,"=",0,null,0]
[{"$nulls":6},"=",0,null,0]
[null,"[insert items not listed but part of construction plans]",{"$nulls":4},"=",0,null,0]
[null,"SANITARY SEWER IMPROVEMENTS"]
[null,"Sewer Main Pipe (PVC), Size 8\"",null,{"v":3070,"d":"3070."},"LF",{"v":90,"d":"$90.00"},"=",{"$f":"ROUND(D174*F174,3)","v":{"v":276300,"d":"$276,300.00"}},null,{"v":276300,"d":"$276,300.00"}]
[null,"Sanitary Sewer Manhole, Depth < 15 feet",null,{"v":15,"d":"15."},"EA",{"v":6136,"d":"$6,136.00"},"=",{"$f":"ROUND(D175*F175,3)","v":{"v":92040,"d":"$92,040.00"}},null,{"v":92040,"d":"$92,040.00"}]
[null,"Sanitary Service Line Installation, complete",null,{"v":36,"d":"36."},"EA",{"v":1962,"d":"$1,962.00"},"=",{"v":70632,"d":"$70,632.00"},null,{"v":70632,"d":"$70,632.00"}]
[null,"Sanitary Sewer Lift Station, complete",null,null,"EA",null,"=",0,null,0]
[null,"Sewer Main Pipe (PVC), Size 8\" [Force Main]",null,{"v":2400,"d":"2400."},"LF",{"v":90,"d":"$90.00"},"=",{"v":216000,"d":"$216,000.00"},null,{"v":216000,"d":"$216,000.00"}]
[null,"[insert items not listed but part of construction plans]",{"$nulls":4},"=",0,null,0]
[null,"LANDSCAPING IMPROVEMENTS",null,null,"  (For subdivision specific condition of approval, or PUD)"]
[null,"Deciduous Trees - 2\" cal",null,{"v":143,"d":"143."},"EA",{"v":700,"d":"$700.00"},"=",{"$f":"ROUND(D181*F181,3)","v":{"v":100100,"d":"$100,100.00"}},null,{"v":100100,"d":"$100,100.00"}]
[null,"Evergreen Trees - 6' ht.",null,{"v":118,"d":"118."},"EA",{"v":700,"d":"$700.00"},"=",{"$f":"ROUND(D182*F182,3)","v":{"v":82600,"d":"$82,600.00"}},null,{"v":82600,"d":"$82,600.00"}]
[null,"Ornamental Trees - 1.5\" cal",null,{"v":41,"d":"41."},"EA",{"v":500,"d":"$500.00"},"=",{"v":20500,"d":"$20,500.00"},null,{"v":20500,"d":"$20,500.00"}]
[null,"Deciduous Shrubs - #5 cont.",null,{"v":246,"d":"246 "},"EA",{"v":50,"d":"$50.00"},null,{"$f":"D184*F184","v":{"v":12300,"d":"$12,300.00"}},null,{"$f":"H184*(1-I184)","v":{"v":12300,"d":"$12,300.00"}}]
[null,"Evergreen Shrubs - #5 cont.",null,{"v":308,"d":"308 "},"EA",{"v":50,"d":"$50.00"},null,{"v":15400,"d":"$15,400.00"},null,{"v":15400,"d":"$15,400.00"}]
[null,"Ornamental Grasses - #1 cont.",null,{"v":270,"d":"270 "},"EA",{"v":25,"d":"$25.00"},null,{"v":6750,"d":"$6,750.00"},null,{"v":6750,"d":"$6,750.00"}]
[null,"3/4\" Rock, Regal Rose, 3\" depth",null,{"v":14412,"d":"14,412 "},"SF",{"v":2,"d":"$2.00"},null,{"v":28824,"d":"$28,824.00"},null,{"v":28824,"d":"$28,824.00"}]
[null,"1.5\" Rock, Saddleback Swirl, 3\" depth",null,{"v":68835,"d":"68,835 "},"SF",{"v":1.5,"d":"$1.50"},null,{"v":103252.5,"d":"$103,252.50"},null,{"v":103252.5,"d":"$103,252.50"}]
[null,"2-4\" Cobble, Desert Sand River, 3\" depth",null,{"v":1200,"d":"1,200 "},"SF",{"v":3,"d":"$3.00"},null,{"v":3600,"d":"$3,600.00"},null,{"v":3600,"d":"$3,600.00"}]
[null,"Low Grow Native Seed Mix",null,{"v":591850,"d":"591,850 "},"SF",{"v":0.3,"d":"$0.30"},null,{"v":177555,"d":"$177,555.00"},null,{"v":177555,"d":"$177,555.00"}]
[null,"Detention Basin Seed Mix",null,{"v":69541,"d":"69541."},"SF",{"v":0.4,"d":"$0.40"},"=",{"v":27816.4,"d":"$27,816.40"},null,{"v":27816.4,"d":"$27,816.40"}]
[{"$nulls":4},"EA",null,"=",0,null,0]
[null,"** - Section 3 is not subject to defect warranty requirements",null,"Section 3 Subtotal",null,null,"=",{"$f":"SUM(H151:H192)","v":{"v":1725207.9,"d":"$1,725,207.90"}},null,{"$f":"SUM(J151:J192)","v":{"v":1725207.9,"d":"$1,725,207.90"}}]
[]
[null,"AS-BUILT PLANS (Public Improvements inc. Permanent WQCV BMPs)",null,null," ",{"v":10000,"d":"$10,000.00"},"=",{"$f":"ROUND(F195,3)","v":{"v":10000,"d":"$10,000.00"}},null,{"$f":"H195","v":{"v":10000,"d":"$10,000.00"}}]
[null,"POND/BMP CERTIFICATION (inc. elevations and volume calculations)",null,null,"LS",{"v":5000,"d":"$5,000.00"},"=",{"$f":"ROUND(F196,3)","v":{"v":5000,"d":"$5,000.00"}},null,{"$f":"H196","v":{"v":5000,"d":"$5,000.00"}}]
[]
[{"$nulls":8},"Total Construction Financial Assurance",{"$f":"SUM(H44,H147,H193,H195,H196)","v":{"v":7236339.1,"d":"$7,236,339.10"}}]
[{"$nulls":8},"(Sum of all section subtotals plus as-builts and pond/BMP certification)"]
[]
[{"$nulls":8},"Total Remaining Construction Financial Assurance (with Pre-Plat Construction)",{"$f":"SUM(J44,J147,J193,J195,J196)","v":{"v":7236339.1,"d":"$7,236,339.10"}}]
[{"$nulls":8},"(Sum of all section totals less credit for items complete plus as-builts and pond/BMP certification)"]
[]
[{"$nulls":8},"Total Defect Warranty Financial Assurance",{"$f":"SUM(H13:H24,H147)*0.2","v":{"v":1057870.16,"d":"$1,057,870.16"}}]
[{"$nulls":8},"(20% of all items identified as (*). To be collateralized at time of preliminary acceptance)"]
[]
[]
[null,"Approvals"]
[]
[null,"I hereby certify that this is an accurate and complete estimate of costs for the work as shown on the Grading and Erosion Control Plan and Construction Drawings associated with the Project."]
[]
[]
[]
[]
[]
[]
[null,"Engineer     (P.E. Seal Required)"]
[]
[]
[]
[null,"Approved by Owner / Applicant",{"$nulls":3},"Date"]
[]
[]
[]
[null,"Approved by El Paso County Engineer / ECM Administrator",{"$nulls":3},"Date"]